<?xml version="1.0" encoding="UTF-8"?>
<marc:record xmlns:marc="http://www.loc.gov/MARC21/slim">
   <marc:leader>00000nam a2200000 a 4500</marc:leader>
   <marc:datafield ind1="1" ind2=" " tag="100">
      <marc:subfield code="a">Smarticular Verlag [Herausgeber]</marc:subfield>
      <marc:subfield code="4">aut</marc:subfield>
      <marc:subfield code="e">Verfasser/-in</marc:subfield>
   </marc:datafield>
   <marc:datafield ind1=" " ind2=" " tag="653">
      <marc:subfield code="a">Essen und Trinken</marc:subfield>
   </marc:datafield>
   <marc:datafield ind1=" " ind2=" " tag="653">
      <marc:subfield code="a">Hausmittel</marc:subfield>
   </marc:datafield>
   <marc:datafield ind1=" " ind2=" " tag="653">
      <marc:subfield code="a">selbst machen</marc:subfield>
   </marc:datafield>
   <marc:datafield ind1=" " ind2=" " tag="653">
      <marc:subfield code="a">Hausmittelherstellung</marc:subfield>
   </marc:datafield>
   <marc:datafield ind1=" " ind2=" " tag="653">
      <marc:subfield code="a">Küche</marc:subfield>
   </marc:datafield>
   <marc:datafield ind1="0" ind2="0" tag="245">
      <marc:subfield code="a">Selber machen statt kaufen - Küche</marc:subfield>
   </marc:datafield>
   <marc:datafield ind1="0" ind2="0" tag="245">
      <marc:subfield code="b">137 gesündere Alternativen zu Fertigprodukten, die Geld sparen und die Umwelt schonen</marc:subfield>
   </marc:datafield>
   <marc:datafield ind1=" " ind2="1" tag="264">
      <marc:subfield code="b">smarticular Verlag</marc:subfield>
      <marc:subfield code="c">2017</marc:subfield>
   </marc:datafield>
   <marc:datafield ind1="1" ind2=" " tag="520">
      <marc:subfield code="a">Klappentext: Vergiss ungesunde oder teure Supermarktprodukte, denn viele bessere Alternativen kann jeder leicht zu Hause selber machen! 137 unserer besten Rezepte und Ideen zum Selbermachen in der Küche zeigen, wie einfach es geht.  Darum lohnt es sich, zahlreiche Fertigprodukte nicht mehr zu kaufen, sondern am besten selber zu machen:  Gut für die Gesundheit: Statt ungesunder und künstlicher Inhaltsstoffe enthalten die selbst gemachten Alternativen natürliche Zutaten. Manche wachsen sogar direkt vor deiner Haustür und sind vollgepackt mit Vitalstoffen für eine ausgewogene, gesunde Ernährung.  Gut für die Umwelt: Selbermachen spart jede Menge Verpackungsmüll und Plastik. Außerdem kannst du bevorzugt regionale, saisonale Zutaten verwenden, mit kurzen Transportwegen und weniger Ressourcenverbrauch.  Gut für die Haushaltskasse: Selbst gemachte Alternativen sind fast immer deutlich preiswerter als fertige Lebensmittel, selbst dann, wenn du nur rein biologische Zutaten verwendest.  Gut für dich: Selbermachen bereitet Freude, regt die Kreativität an, stärkt das Selbstvertrauen und macht dich außerdem ein bisschen unabhängiger.</marc:subfield>
   </marc:datafield>
   <marc:datafield ind1=" " ind2=" " tag="020">
      <marc:subfield code="a">9783946658030</marc:subfield>
      <marc:subfield code="9">9783946658030</marc:subfield>
   </marc:datafield>
</marc:record>
